000 01003cam a2200289 4500
001 7336
003 BD-RjUL
005 20211208234411.0
008 140113s1964 ii a b 001 0 eng
035 _a(OCoLC)ocm03439921
035 _a(BD-RjUL)7379
040 _aDLC
_cLDL
_dUKM
_dZCU
_dBD-RjUL
_beng
041 _aeng
082 0 0 _a355
_bSID 1964
090 _aUA11
_b.Si64
100 1 _aSingh, Nagendra.
_922913
245 1 4 _aThe defence mechanism of the modern State :
_ba study of the politico-military set-up of national and international organisations with special reference to the Chiefs of Staff Committee /
_cWith a foreword by the Earl Mountbatten of Burma.
260 _aBombay ;
_aLondon :
_bAsia Pub. House,
_cc1964.
300 _axvi, 479 p. :
_billus. ;
_c25 cm.
500 _aIncludes index.
504 _aBibliography: p. 461-472.
650 0 _aMilitary policy.
_918207
650 0 _aWorld politics.
_922914
942 _2ddc
_cBK
999 _c7336
_d7336